Prezentácia oficiálnych ukazovateľov o koronavíruse
Pravidelné týždenné informácie Ministerstva zdravotníctva Slovenskej republiky o vývoji situácie s koronavírusom obsahujú aj základný súbor ôsmich ukazovateľov. Medzi objektívne a korektné ukazovatele možno zaradiť údaje o počte hospitalizovaných na koronavírus, počet pacientov napojených na umelú p...
Gespeichert in:
| 1. Verfasser: | |
|---|---|
| Format: | Buchkapitel |
| Sprache: | Slowakisch |
| Schlagworte: | |
| Tags: |
Keine Tags, Fügen Sie das erste Tag hinzu!
|
MARC
| LEADER | 00000naa a2200000 4500 | ||
|---|---|---|---|
| 001 | 0273218 | ||
| 005 | 20210427093142.2 | ||
| 041 | 0 | |a slo | |
| 044 | |a SK | ||
| 245 | 1 | 0 | |a Prezentácia oficiálnych ukazovateľov o koronavíruse |c Mikuláš Cár |
| 520 | |a Pravidelné týždenné informácie Ministerstva zdravotníctva Slovenskej republiky o vývoji situácie s koronavírusom obsahujú aj základný súbor ôsmich ukazovateľov. Medzi objektívne a korektné ukazovatele možno zaradiť údaje o počte hospitalizovaných na koronavírus, počet pacientov napojených na umelú pľúcnu ventiláciu, počet pacientov v kritickom stave a ďalšie. Zohľadňovať pri uvoľňovaní opatrení len počet pozitívne testovaných osôb, či už pomocou kĺzavého mediánu, alebo kĺzavého priemeru, je nepostačujúce. | ||
| 610 | 2 | 0 | |a koronavírus |
| 610 | 2 | 0 | |a pandémia |
| 610 | 2 | 0 | |a dáta |
| 610 | 2 | 0 | |a ministerstvá |
| 610 | 2 | 0 | |a zdravotníctvo |
| 100 | 1 | |a Cár, Mikuláš | |